| 000 | 00348nam a22001337a 4500 | ||
|---|---|---|---|
| 008 | 250507b |||||||| |||| 00| 0 eng d | ||
| 020 | _a9780135117361 | ||
| 050 |
_aNA2700 _b.G73 |
||
| 100 | _aPhilip A. Grau III | ||
| 245 | _aArchitectural drawing and light construction | ||
| 260 |
_bUpper Saddle River, _c2010 |
||
| 300 | _ax, 778 p. | ||
| 942 | _cBK | ||
| 999 |
_c3357 _d3357 |
||